000 00974nas a2200289 4500
001 BR8303215
003 BR-BrBNA
005 20231205085550.0
007 ta
008 230509b bl.|||p| |||| 00| 00por d
040 _aBR-BrBNA
_bpor
_cBiblioteca Nacional de Agricultura
041 _a(Pt)
072 _aK10
100 1 _aBertolotti, G.
100 1 _aMora, A.L.
100 1 _aHiga, A.R.
100 1 _aGoncalves, A.N.
100 1 _aFerreira, M.
111 1 _aSimposio IUFRO em Melhoramento Genetico e Produtividade de Especies Florestais de Rapido Crescimento
_cAguas de Sao Pedro, SP (Brazil)
_d25-30 Aug 1980
245 1 _aEfeito do armazenamento de material vegetativo na enxertia de Eucalyptus grandis Hil Ex Maiden
650 _aEUCALIPTO
650 _aENXERTO
650 _aCLONE
773 0 _tSilvicultura (Brazil)
_xISSN 0100-3615
_g(Sep-Oct 1983), v. 8(32) p. 752-753
_wBR8303215
909 _a202311
_bLúcia
_c55
_dLúcia Elande
942 _2AGRIS
_n0
_cANA
999 _c112267
_d112267